ARRUPE JESUIT UNIVERSITY

CORONAVIRUS -STOP THE SPREAD - CLEAN,DISINFECT,COVER

Edmund Spenser: prince of poets (Record no. 128104)

MARC details
000 -LEADER
fixed length control field 00865cam a2200277 4500
001 - CONTROL NUMBER
control field 1714124
003 - CONTROL NUMBER IDENTIFIER
control field ARRUPE
005 - DATE AND TIME OF LATEST TRANSACTION
control field 20180905083017.0
008 - FIXED-LENGTH DATA ELEMENTS--GENERAL INFORMATION
fixed length control field 720320s1971 enk b 001 0 eng
010 ## - LIBRARY OF CONGRESS CONTROL NUMBER
LC control number 71889919
015 ## - NATIONAL BIBLIOGRAPHY NUMBER
National bibliography number B71-28030
020 ## - INTERNATIONAL STANDARD BOOK NUMBER
International Standard Book Number 0091093902
-- 0091093910 (pbk.)
040 ## - CATALOGING SOURCE
Original cataloging agency DLC
Transcribing agency DLC
Modifying agency DLC
050 00 - LIBRARY OF CONGRESS CALL NUMBER
Classification number PR2364
Item number .B3
082 00 - DEWEY DECIMAL CLASSIFICATION NUMBER
Classification number 821/.3
300 ## - PHYSICAL DESCRIPTION
Dimensions 22 cm.
100 1# - MAIN ENTRY--PERSONAL NAME
Personal name Bayley, P. C.
Fuller form of name (Peter Charles)
9 (RLIN) 41996
245 10 - TITLE STATEMENT
Title Edmund Spenser: prince of poets
Statement of responsibility, etc [by] Peter Bayley.
260 ## - PUBLICATION, DISTRIBUTION, ETC. (IMPRINT)
Place of publication, distribution, etc London,
Name of publisher, distributor, etc Hutchinson,
Date of publication, distribution, etc 1971.
300 ## - PHYSICAL DESCRIPTION
Extent 189 p.
350 ## - PRICE (NR) (BK AM CF MU VM SE) [OBSOLETE]
Price £2.25
490 0# - SERIES STATEMENT
Series statement English literature
504 ## - BIBLIOGRAPHY, ETC. NOTE
Bibliography, etc Bibliography: p. [183]-184.
600 10 - SUBJECT ADDED ENTRY--PERSONAL NAME
Personal name Spenser, Edmund,
Dates associated with a name 1552?-1599
General subdivision Criticism and interpretation.
9 (RLIN) 41913
906 ## - LOCAL DATA ELEMENT F, LDF (RLIN)
a 7
b cbc
c orignew
d 3
e ncip
f 19
g y-gencatlg
942 ## - ADDED ENTRY ELEMENTS (KOHA)
Source of classification or shelving scheme Library of Congress Classification
Koha item type Monograph ( Printed materials)

No items available.

 

Arrupe Library. PO Box MP320 Mt Pleasant, Harare, Zimbabwe
263 242 745411|librarian@aju.ac.zw